Estancias.

Sábháilte in:
Sonraí bibleagrafaíochta
Príomhchruthaitheoir: Nordenflycht Bresky, Adolfo de (autor)
Formáid: LEABHAR
Teanga:Spáinnis
Foilsithe / Cruthaithe: Valparaíso Cruz del Sur 1980
Sraith:Cruz del Sur
Ábhair:
Clibeanna: Cuir clib leis
Níl clibeanna ann, Bí ar an gcéad duine le clib a chur leis an taifead seo!

MARC

LEADER 00000nam a2200000 a 4500
001 UCQ6314
003 CL-VaPUC
005 20230531074346.0
008 981009e19800000CL |||||||||||||||||spa|d
999 |c 276313  |d 276311 
040 |c Pontificia Universidad Católica de Valparaíso 
082 0 4 |a Ch861 NOR 1980  |2 21 
100 |a Nordenflycht Bresky, Adolfo de  |e autor  |9 621524 
245 1 0 |a Estancias. 
246 1 0 |a Fragmentos del río 
260 0 3 |a Valparaíso  |b Cruz del Sur  |c 1980 
300 |a 57 páginas 
490 0 |a Cruz del Sur 
583 |a last modification  |c 20120606 06:17:16  |k Rodrigo Vera 
650 0 |a Poesías chilenas   |9 265280 
650 0 |a Literatura chilena   |9 308278 
650 0 |a Académicos   |x Pontificia Universidad Católica de Valparaíso (PUCV)  |9 255553 
650 0 |a Archivo histórico PUCV  |9 255554 
942 |c BK  |2 ddc 
945 |d 19981009 00:00:00  |a crobeson 
952 |0 0  |1 0  |2 ddc  |4 0  |6 CH_861_000000000000000_NOR_1980  |7 0  |8 A  |9 313487  |a BIBEDU  |b BIBEDU  |d 2019-11-20  |i 1481053  |o Ch861 NOR 1980  |p 1481053  |r 2019-11-20  |t 2  |w 2019-11-20  |y BK  |k LIT 
952 |0 0  |1 0  |2 ddc  |4 0  |6 CH_861_000000000000000_NOR_1980  |7 0  |8 A  |9 313488  |a BIBEDU  |b BIBEDU  |d 2019-11-20  |i 1481061  |o Ch861 NOR 1980  |p 1481061  |r 2019-11-20  |t 3  |w 2019-11-20  |y BK  |k LIT 
952 |0 0  |1 0  |2 ddc  |4 0  |6 CH_861_000000000000000_NOR_1980  |7 0  |8 X  |9 313489  |a FDOBUD  |b FDOBUD  |d 2019-11-20  |i 1024612  |o Ch861 NOR 1980  |p 1024612  |r 2019-11-20  |t 1  |w 2019-11-20  |y BK_X  |k FHP